ბათუმის შოთა რუსთაველის სახელმწიფო უნივერსიტეტის ბიბლიოთეკა

ლექსები, ბალადები. სიმღერები კომუნიზმსა და მშვიდობაზე (ბიბ.ჩანაწერი № 49686)

000 -LEADER
fixed length control field 00915nam a2200217Ia 4500
001 - CONTROL NUMBER
control field 16619
003 - CONTROL NUMBER IDENTIFIER
control field GE_BSU
008 - FIXED-LENGTH DATA ELEMENTS--GENERAL INFORMATION
fixed length control field 181216s||||||||xx |||||||||||||| ||und||
040 ## - CATALOGING SOURCE
Transcribing agency GE_BSU
080 ## - UNIVERSAL DECIMAL CLASSIFICATION NUMBER
Universal Decimal Classification number 821.353.1-1 + 821.353.1-144
100 ## - MAIN ENTRY--PERSONAL NAME
Personal name მარგიანი, რევაზ (1916-1984)
245 ## - TITLE STATEMENT
Title ლექსები, ბალადები. სიმღერები კომუნიზმსა და მშვიდობაზე
245 ## - TITLE STATEMENT
Statement of responsibility, etc. რედ.შ.სულაბერიძე. მხ.გ.გორდელაძე
260 ## - PUBLICATION, DISTRIBUTION, ETC.
Place of publication, distribution, etc. თბილისი
260 ## - PUBLICATION, DISTRIBUTION, ETC.
Name of publisher, distributor, etc. სახელგამი
260 ## - PUBLICATION, DISTRIBUTION, ETC.
Date of publication, distribution, etc. 1954
300 ## - PHYSICAL DESCRIPTION
Extent 282გვ. : 1ფურც. პორტრ. 20სმ.
653 ## - INDEX TERM--UNCONTROLLED
Uncontrolled term ლექსები, ბალადები
653 ## - INDEX TERM--UNCONTROLLED
Uncontrolled term სიმღერები კომუნიზმსა და მშვიდობაზე
942 ## - ADDED ENTRY ELEMENTS (KOHA)
Koha item type წიგნი
ეგზემპლარები
Withdrawn status Lost status Damaged status Not for loan Date acquired Barcode Date last seen Price effective from Koha item type
        2018-12-17 41261 2018-12-17 2018-12-17 წიგნი